LEADER 01200nam a2200265 i 4500 001 000000165801 003 CaOOAMICUS 005 20071026000000.0 008 071026s1996 it u000 u ita u 013 $a143169 020 $a88-307-0656-6 040 $aSeMil$bita 245 13$aUn ponte tra le Chiese :$bla sfida dei Fidei donum alla missione della chiesa italiana. 260 $aBologna :$bEditrice Missionaria Italiana,$cCopyr. 1996. 300 $a204 p. :$btabelle :$bill. ;$c21 cm. 490 0 $aMissione e Chiesa locale 650 4$aSacerdozio - Studi.$0(OLS)http://semarc/subject/7721 650 4$aChiesa locale - Missione.$0(OLS)http://semarc/subject/26144 830 0$aMissione e Chiesa locale.$0(OLS)http://semarc/title/10089 850 $aSeMil 852 $aSeMil$W1$xVenegono$y1$m2F III 616$j116976$B116976$CSeMilBibl$Z2$F128458 $81 961 $aOmaggio: Martinelli don Romano 996 $6020$a88-307-0656-6$9(OLS)http://semarc/number/152181 996 $6245$aUn ponte tra le Chiese :$bla sfida dei Fidei donum alla missione della chiesa italiana$9(OLS)http://semarc/title/236747 996 $6260$aBologna :$bEditrice Missionaria Italiana$9(OLS)http://semarc/publisher/32722 LEADER 00893nam a2200217 i 4500 001 000000226825 003 CaOOAMICUS 005 20140204000000.0 008 140204s1968 it u000 u ita u 013 $a205727 040 $aSeMil$bita 100 1 $aAgnoletto, Attilio,$d<1926-2006>.$0(OLS)http://semarc/name/4041 245 13$aLa Didache :$blettura di un testo cristiano antico /$cAttilio Agnoletto. 260 $aMilano :$bLa goliardica,$c1968. 300 $a197 p. ;$c24 cm . 650 4$aDidachè.$0(OLS)http://semarc/subject/58456 850 $aSeMil 852 $aSeMil$W1$xVenegono$y1$m2S VII 3$j177171$B177171$CSeMilBibl$Z2$F188296 $81 961 $aOmaggio: Grampa dott. Cesare 996 $6245$aLa Didache :$blettura di un testo cristiano antico$9(OLS)http://semarc/title/324755 996 $6260$aMilano :$bLa goliardica$9(OLS)http://semarc/publisher/41779